000 02000nam a2200421 c 4500
003 BLK
005 20180422112338.0
008 180409b bul|||||r ||||||| ||bul||
010 _aKNG00147596000
040 _aBLK
041 _aBUL
_cBUL
080 _aБългарска литература
_b821.163.2
_x-93-32
_z821.163.2-93-32
080 _aПолитически и национални младежки движения
_b329.78
_x(497.2)РМС(092)(0:82-32)
_z329.78(497.2)РМС(092)(0:82-32)
080 _aДеец на революционното млад. движение в България
_b929 Чонос, Боян Иванов
_x
_z929 Чонос, Боян Иванов
100 1 _aНиколов, Марчо
_eпърви автор
_9379519
700 1 _aТрифонов, Георги Василев
_eхудож.
_9373651
139 _aНиколов, Марчо
_bН 74
245 1 0 _aСрещу вятъра
_bРазкази за Боян Чонос : За средна училищна възраст
_cМарчо Николов; худож. Георги Василев Трифонов.
257 _aBGR
260 София
_bНар. младеж
_c1971
300 _a140 с.
_bс ил.
_c25 см
380 _aDX
500 _a16 100 тир.
600 1 4 _aЧонос, Боян Иванов
_9223906
650 4 _aМладежки организации и движения - България - история
_9245109
650 4 _aЧонос, Боян Иванов
_9223906
653 _aдетска литература
653 _aлитература за деца
653 _aБоян Чонос
653 _aмладежко революционно движение
653 _aРМС
653 _aразкази
852 _aЦб 59075
856 4 _qpdf
_u
856 4 _qpdf
_u
942 _cKNG
_n0
944 _aCR
_c29.07.2013
_l29.07.2013 - от С1,Р / 29.07.2013
_kЛюсиена_Милчева
944 _aED
_c13.09.2017
_l29.07.2013 - от С1,Р / 29.07.2013
_kВася_Ганчева
999 _c141525
_d141525